01020nam a2200241 450000500170000001000190001702000270003603500180006303700090008108200110009010000240010124500500012525000060017526000330018127001240021430000270033849000120036550000430037794200250042099900190044595201570046495201570062120251028120658.0 aENG-146985-986 a9789389800128c1045.00 aEN-130517-518 bDBAD 21a530 aJain, Keshav985543 aDinesh NCERT NEET & You Physics/cKeshav Jain a1 aDelhibS. Dinesh & Co.c2025 a4265, Gali No. 3, Mohalla Panjabian, Ansari Road, Darya GanjbDelhik011-23250628k011-23250058msdineshdelhi@gmail.com a598p., 584p.b28cm(pb) vVol 1,2 aVol 1 For Class XI Vol 2 For Class XII 2ddccENe1h530mJAI c213679d213679 00103VOL-140708NFICaMbMd2025-10-28eDelivery of Books Act Divisiong522.50l0o530 JAIpEN-130517r2025-10-28 00:00:00t1v522.50w2025-10-28yEN 00103VOL-240708NFICaMbMd2025-10-28eDelivery of Books Act Divisiong522.50l0o530 JAIpEN-130518r2025-10-28 00:00:00t1v522.50w2025-10-28yEN